MARC

LEADER 00000nam0a2200000 4500
001 348491
005 20231102010119.0
035 |a (RuTPU)RU\TPU\retro\158 
090 |a 348491 
100 |a 20180221d1964 m y0rusy50 ca 
101 0 |a rus 
102 |a RU 
105 |a a z 000zy 
200 1 |a В "свободном" мире  |e [альбом]  |f М. А. Абрамов 
210 |a Ленинград  |c Художник РСФСР  |d 1964 
215 |a 41 с.  |c ил. 
606 1 |a Карикатура политическая  |2 stltpush  |3 (RuTPU)RU\TPU\subj\13874  |9 40415 
610 1 |a графика 
610 1 |a карикатуры 
610 1 |a сатира 
610 1 |a политика 
610 1 |a капитализм 
610 1 |a альбомы 
675 |a 741.5:32  |v 4 
700 1 |a Абрамов  |b М. А.  |g Марк Александрович 
801 1 |a RU  |b 63413507  |c 20180221 
801 2 |a RU  |b 63413507  |c 20180221  |g RCR 
942 |c BK